Science Quiz

Random Science Quiz

Organic Reaction mechanisms Quiz Stats

 Plays Quiz not verified by Sporcle

Challenge
Share
Tweet
Embed
Score 0/21 Timer 10:00
0 Plays Today
equation mechanism type % Correct
alcohol > ketone/aldehydeoxidation
60.8%
ketone/aldehyde > alcoholreduction
57%
aldehyde > carboxylic acidoxidation
49.4%
alcohol > alkeneelimination
46.8%
haloaklane > alkeneelimination
43%
haloalkane > acoholnucleophilic substitution
41.8%
nitrile > aminereduction
39.2%
alkene > dihaloalkaneelectrophilic addition
34.2%
haloalkane > nitrilenucleophilic substitution
32.9%
benzene > nitrobenzeneelectrophilic substitution
31.6%
aldehyde/ketone > hydroxynitrilenucleophilic addition
29.1%
equation mechanism type % Correct
alkene > alcoholelectrophilic addition
26.6%
nitrobenzene > aromatic aminereduction
25.3%
alkane > haloalkanefree radical substitution
24.1%
benzene > phenylketoneelectrophilic substitution
21.5%
alkene > alkylhydrogensulphateelectrophilic addition
16.5%
acyl chloride > esteraddition-elimination
15.2%
acyl chloride > N-substituded amideaddition-elimination
13.9%
nitrile > carboxylic acidnucleophilic addition
13.7%
amide > nitrileelimination
13.7%
aromatic amine > N-phenylethanamideaddition-elimination
12.7%

You're not logged in!

Compare scores with friends on all Sporcle quizzes.
OR
Log In

You Might Also Like...

Show Comments

Extras

Top Quizzes Today


Score Distribution

Your Account Isn't Verified!

In order to create a playlist on Sporcle, you need to verify the email address you used during registration. Go to your Sporcle Settings to finish the process.

Report this User

Report this user for behavior that violates our Community Guidelines.

Details: